000 00629nam a22002417a 4500
003 UA-OsUOA
001 24681
007 ta
008 20040226b un ||||| |||| 00| 0 ukr d
090 _a349.41(477)
_bЗ-51
942 _cBK
040 _aUA-OsUOA
_bukr
_cUA-OsUOA
_dUA-OsUOA
245 _aЗемельне право України
_bПідручник
_cРед. О.О.Погрібний І.І.Каракаш
300 _a448 с.
955 _a0
041 _aukr
080 _a349.41(477)
020 _a966-7613-36-4
260 _aКиїв
_bІстина
_c2003
044 _aUA
650 7 _2UDC
999 _c310961
_d310961